000 00697nam a2200241Ia 4500
003 OSt
005 20220925220345.0
006 a|||||r|||| 00| 0
007 ta
008 220923b |||||||| |||| 00| 0 eng d
037 _cGeneral Book
040 _aRTL
_cRTL
_beng
041 _2eng
_aeng
082 _a2:(D6,9(B), L0
100 _aHenley J P
_9284604
245 0 _aComputer-based library and information systems
260 _aLondon
_bMacdonald U.K.
_c1970
300 _a84p. Bib. p 76-80; Appendix p 73-75
_ccm.
490 _aComputer monographs. 12
650 _aLibrary Science
942 _h2:(D6,9(B), L0
_cGB
_2CC
999 _c571195
_d571195